000 00552nam a22001937a 4500
003 OSt
005 20260115041748.0
008 260115b |||||||| |||| 00| 0 eng d
020 _a1-582796335.
040 _aDWCL-Main lib
_cOC
082 _22005 edition
_aGR. 616.8498 Ov96 2005
245 _aOvercoming insomnia
260 _aUSA :
_bTrident Reference Publishing,
_cc2005.
300 _a63 pages :
_bcolored illustration ;
_c27 cm.
504 _aIncludes index.
650 _21. Insomnia.
650 _22. Sleep.
942 _2ddc
_cGR
_e2005 ed.
_kGR.
_n0
999 _c7423
_d7423